000 00520nam a2200181Ia 4500
005 20250508152058.0
008 008 250505s9999 xx 000 0 eng d
037 _aBooks to be hide in OPAC
040 _aFEDL
_beng
_cFEDL
041 _aeng
_2eng
084 _a500, FLO/O
_qFEDL
100 _aFlood W E
245 0 _aProblem of vocabulary in the popularisation of science
260 _aEdinburgh
_bOliver and Boyd
_c1957
300 _avi,121p.
942 _cHB
_h500, FLO/O
999 _c1334117
_d1334117